الإسلام نظام حياة : (Record no. 13929)
[ view plain ]
| 000 -الفاتح | |
|---|---|
| حقل البيانات ثابتة الطول | 01114nam a22001817a 4500 |
| 008 - عناصر البيانات ثابتة الطول - معلومات عامة | |
| حقل البيانات ثابتة الطول | 100422s1982 ua|||||r|||| 000 0 ara d |
| 082 ## - رقم تصنيف ديوى العشرى | |
| رقم الطبعة | 22 |
| رقم التصنيف | 210 |
| رقم المادة | ش ي خ |
| 100 ## - المدخل الرئيسى - إسم شخصى | |
| 9 (RLIN) | 13666 |
| الإسم الشخصى | الشيخ، عبد الحميد مصطفى |
| 245 ## - بيان العنوان | |
| العنوان | الإسلام نظام حياة : |
| بقية العنوان | تطبيقات السلف لعصر النهضة الإسلامية على قواعد النظريات العلمية البارزة فى السياسة والتعليم والاجتماع و الاقتصاد والجهاد يحكمها المنطق العلمي والتجربة الثابتة / |
| بيان المسئوليه,etc | عبد الحميد مصطفى الشيخ |
| 260 ## - PUBLICATION, DISTRIBUTION, ETC. (IMPRINT) | |
| مكان الناشر او الموزع | [القاهرة]: |
| اسم الناشر او الموزع | مجمع البحوث الإسلامية ، 1982 |
| تاريخ النشر أو التوزيع | 1982 |
| 300 ## - الوصف المادى | |
| التعداد | 359 ص ؛ |
| أبعاد الوعاء | 21 سم |
| 650 ## - المدخل الاضافى بالموضوع-مصطلح موضوعى | |
| 9 (RLIN) | 13667 |
| مصطلح موضوعي أو اسم جغرافي كعنصر مدخل | الإسلام |
| 650 ## - المدخل الاضافى بالموضوع-مصطلح موضوعى | |
| 9 (RLIN) | 13370 |
| مصطلح موضوعي أو اسم جغرافي كعنصر مدخل | الإسلام والسياسة |
| 650 ## - المدخل الاضافى بالموضوع-مصطلح موضوعى | |
| 9 (RLIN) | 13669 |
| مصطلح موضوعي أو اسم جغرافي كعنصر مدخل | الإسلام والاقتصاد |
| 650 ## - المدخل الاضافى بالموضوع-مصطلح موضوعى | |
| 9 (RLIN) | 13668 |
| مصطلح موضوعي أو اسم جغرافي كعنصر مدخل | الإسلام والمجتمع |
| 942 ## - عناصر المدخل الإضافي( كوها) | |
| مصدر التصنيف او مخطط الترفيف | Dewey Decimal Classification |
| Koha [default] item type | Book - Borrowing |
| حالة التراجع | حالة الفقد | مصدر التصنيف او خطة الترفيف | حالة تلف | ليس للاعارة | مجموعات كوها | المكان الدائم | المكان الحالي | موقع الترفيف | تاريخ الاكتساب | Source of acquisition | رقم الاستدعاء | الباركود | Date last seen | مُعار | نوع الوعاء |
|---|---|---|---|---|---|---|---|---|---|---|---|---|---|---|---|
| Dewey Decimal Classification | Alef-Baa | Central Library | Central Library | Lower Floor | 22/04/2010 | 210 الش | 000020726 | 15/07/2025 | 18/03/2019 | Book - Borrowing |